Better Call Saul Quiz - Statistics

General Stats
  • This quiz has been taken 34 times
  • The average score is 8 of 15
Answer Stats
Hint Answer % Correct
What is Saul Goodman real name? Jimmy Mcgill
100%
Sauls brothers name Charles Mcgill
71%
Shot by gustavo fring Lalo salamanca
71%
Shot by lalo Howard Hamlin
61%
Name of the above restaurant chain Los pollos Hermanos
61%
Who does Saul get stuck in the desert with? Mike ehrmantraut
57%
Who killed the above Mike ehrmantraut
57%
What is the name of the German builder? Werner Ziegler
57%
How much money did lalo get released for? 7 million
54%
Where does Gene work Cinnabon
54%
Former employee of the above Kim wexler
54%
Where is gus originally from Chile
50%
How did the above die House fire
29%
What law firm did Saul first work at? Davis and maine
18%
Who is the boss of mesa verde? Kevin Wachell
0%
No matching quizzes found
Score Distribution
Percent of People with Each Score
Percentile by Number Answered
Your Score History
You have not taken this quiz